| 000 | 00624nam a22002057a 4500 | ||
|---|---|---|---|
| 001 | BD-DhSAU 5366 | ||
| 003 | BD-DhSAU | ||
| 005 | 20150415125206.0 | ||
| 008 | 150415b1945 ii a||||r|||| 000 0 eng d | ||
| 040 | _aBD-DhSAU | ||
| 082 |
_222 _a500.54 _bPRO |
||
| 110 | _aIndian Science Congress Association. | ||
| 245 |
_aProceedings of the thirty-second Indian science congress : _bNagpur 1945 / |
||
| 260 |
_aCalcutta : _bIndian Science Congress Association, _cc1945. |
||
| 300 |
_a173 p. : _c25 cm. |
||
| 440 |
_aAbstracts of papers. _nPart 3. |
||
| 590 | _ajoy | ||
| 650 | _aEngineering. | ||
| 650 | _aScience and Mathematics | ||
| 942 |
_2ddc _cBOOK |
||
| 999 |
_c5366 _d5366 |
||